000 00272nam a2200121Ia 4500
008 191201s2007 xx 000 0 und d
100 _aAHUJA, H L
245 0 _aManagerial Economics
260 _aN. Delhi
_bS Chand
_c2007
300 _a976
650 _aMBA
942 _2ddc
_cBK
999 _c190
_d190